000 00718nam a2200265Ia 4500
003 OSt
005 20221007110447.0
006 a|||||r|||| 00| 0
007 ta
008 221006b |||||||| |||| 00| 0 eng d
020 _a0669012874
024 _a21,174
037 _cTextual
040 _aLCO
_cLCO
_beng
041 _2eng
_aeng
082 _aY2:4:62, L7
100 _aBurstein Jules Quentin
_9707499
245 0 _aConjugal Visit in Prison
260 _aToronto
_bLexington Books Canada
_c1977
300 _a134
500 _aPsychological and Social Consequences
650 _aPRISON
_9707500
942 _hY2:4:62, L7
_cTEXL
999 _c1190737
_d1190737